书目信息 |
| 题名: |
结构静力学
|
|
| 作者: | ;苏联交通部教育总局 编 | |
| 分册: | ||
| 出版信息: | 北京 人民铁道出版社 1956 |
|
| 页数: | 132页 | |
| 开本: | 21cm | |
| 丛书名: | ||
| 单 册: | ||
| 中图分类: | O312 | |
| 科图分类: | ||
| 主题词: | 结构静力学 , 理论力学 , 一般力学 | |
| 电子资源: | ||
| ISBN: | ||
| 000 | 00734nam2 2200253 45 | |
| 001 | 0182007092 | |
| 005 | 20060418103133.26 | |
| 010 | @dCNY0.73 | |
| 100 | @a19950421d1956 em y0chiy0121 ea | |
| 101 | 0 | @achi@crus |
| 102 | @aCN@b110000 | |
| 105 | @ay z 000yy | |
| 200 | 10 | @a结构静力学@Ajie gou jing li xue@f苏联交通部教育总局编@Fsu lian jiao tong bu jiao yu zong ju bian |
| 210 | @a北京@c人民铁道出版社@d1956 | |
| 215 | @a132页@d21cm | |
| 300 | @a铁路员工自修读本 | |
| 606 | @a结构静力学 | |
| 606 | 0 | @a理论力学 |
| 606 | 0 | @a一般力学 |
| 690 | @aO312@v4 | |
| 711 | 0 | @a苏联交通部教育总局@Asu lian jiao tong bu jiao yu zong ju@4编 |
| 801 | 0 | @aCN@bTSSF@c20060418 |
| 801 | 2 | @aCN@bNLC@c20060403 |
| 905 | @a10447@dO312@e15 | |
| 结构静力学/苏联交通部教育总局编.-北京:人民铁道出版社,1956 |
| 132页;21cm |
| 铁路员工自修读本 |
| ISBN :CNY0.73 |
| ● |
| 相关链接 |
|
|
|
|
正题名:结构静力学
索取号:O312/15
 
预约/预借
| 序号 | 登录号 | 条形码 | 馆藏地/架位号 | 状态 | 备注 |
| 1 | 0000678 | 202249183 | 密集书库/ [索取号:O312/15] | 在馆 |